000 02148cam a22004334i 4500
003 PE-LiUPU
005 20250731173012.0
008 150616s1962 sp r 000 0 spa d
035 _a(Sirsi) a2287
040 _aPE-LiUPU
_bspa
_cPE-LiUPU
_erda
049 _aPRUA
082 0 4 _a264.02
_bA635c
_223
100 1 _aAntonio María Claret y Clará,
_cSanto,
_d1807-1870
_eautor.
_93908
245 1 0 _aCamino recto y seguro para llegar al cielo /
_cescrito por San Antonio M. Claret.
250 _a185.° edición.
264 1 _aMadrid :
_bEditorial y Librería Co. Cul.,
_c1962.
300 _a543 páginas :
_bilustraciones ;
_c15 centímetros.
336 _atext
_2rdacontent
337 _aunmediated
_2rdamedia
338 _avolume
_2rdacarrier
505 0 _aBiografía de San Antonio María Claret -- Calendario -- Tablas de las fiestas movibles -- Días en que se celebran las fiestas -- Calendario perpetuo -- Advertencia acerca de los santos del calendario -- Ejercicio del cristiano por la mañana -- Ejercicio por la noche -- Oración mental -- Modo práctico de hacer la oración mental -- Actos que han de hacer cada día y en cada meditación -- Conclusión de la meditación -- Máximas importantísimas -- Máximas para cada día del mes -- Modo de confesarse bien -- Oración para antes del examen -- Examen sobre los mandamientos -- Obligaciones de varios estados -- Oración para después del examen -- Modo práctico de confesarse -- Oración para después de la confesión -- Preparación para la comunión -- Modo práctico de comulgar.
526 _aSEG42
526 _aSEG41
526 _aSEG40
526 _aSEG39
526 _aP94
526 _aP87
526 _aP86
526 _aP85
526 _aP77
526 _aP76
526 _aP35
610 1 4 _aIglesia Católica
_vLibros de oraciones y devociones
_ySiglo XIX.
_93909
910 _ajck
942 _2ddc
_cBK
949 _a282 S21
_wDEWEY
_c1
_i10568
_lCCODEBUL1
_mBUL
_p30.00
_r0
_sY
_tBOOK
_u19920707
_xTEOLOGIA
_zUNKNOWN
_0COMPRA
_o.STAFF. Colección Teología
980 _81
_gALBERTO SANCHEZ Responsable de Automatización
999 _c23483
_d23483